000 01096nam a2200289Ia 4500
001 ebr10263872
003 CaPaEBR
006 m u
007 cr cn|||||||||
008 090205s2008 enk s 000 0 eng d
010 _z 2009285348
020 _z9781854183781 (pbk.)
040 _aCaPaEBR
_cCaPaEBR
035 _a(OCoLC)646780646
050 1 4 _aKD2212
_b.S573 2008eb
100 1 _aSingleton, Susan.
245 1 0 _aCompetition law compliance 2008
_h[electronic resource] /
_cSusan Singleton.
260 _aLondon :
_bThorogood,
_c2008.
300 _ax,115 p.
500 _a"A Thorogood special briefing."
533 _aElectronic reproduction.
_bPalo Alto, Calif. :
_cebrary,
_d2009.
_nAvailable via World Wide Web.
_nAccess may be limited to ebrary affiliated libraries.
650 0 _aRestraint of trade
_zGreat Britain.
650 0 _aExclusive contracts
_zGreat Britain.
655 7 _aElectronic books.
_2local
710 2 _aebrary, Inc.
856 4 0 _uhttp://site.ebrary.com/lib/rucke/Doc?id=10263872
_zAn electronic book accessible through the World Wide Web; click to view
999 _c11606
_d11606